00822nam a2200157 4500040000900000082001600009100004500025245012200070260003300192300001100225505021300236700005300449942001200502999001900514952013100533 cNUST a621.382,FAY aFayyaz, Hassan (BEE-58 / TCC-33)9131732 aPoor Man’s dental diagnostics (PMaDD) /cHassaan Fayyaz, Bilal Tariq, Sana Jahangir, Shafia Batool (BEE-58 /TCC-33) aRawalpindibMCS (NUST)c2025 a66 p.; aIntroduction (Page-10), Introduction (Page-21), Machine Learning and Model Training (Page-27), App Development (Page-49), Hardware (Page-56), Conclusion (Page-61), Future Work (Page-64), References (Page-67). aSepervise by Lt Col Dr. Yasir Awais Butt9131728 2ddccPR c615321d615321 00102ddc4070aMCSbMCScREFd2025-11-07l0o621.382,FAYpMCSPTE-344r2025-11-07w2025-11-07yPRzAlmirah No.670, Shelf No.5